[Event "VI Open A"]
[Site "Forni di Sopra ITA"]
[Date "2015.06.15"]
[Round "3"]
[White "Machidon, Cristi"]
[Black "Zamengo, Fulvio"]
[WhiteElo "2211"]
[BlackElo "2271"]
[Result "1/2-1/2"]
[PlyCount "84"]
[EventDate "2015.06.13"]

1. d4 Nf6 2. c4 g6 3. Nf3 Bg7 4. g3 O-O 5. Bg2 d5 6. O-O dxc4 7. Na3 c3 8. bxc3
c5 9. Ne5 Nbd7 10. Nac4 Nxe5 11. Nxe5 Qa5 12. Qb3 Qb6 13. Qxb6 axb6 14. Be3 Be6
15. dxc5 bxc5 16. Bxb7 Rxa2 17. Rxa2 Bxa2 18. Bxc5 Nd5 19. Bd4 f6 20. Nc6 e5
21. Bc5 Rf7 22. Ra1 Nxc3 23. Ne7+ Kh8 24. Rxa2 Nxa2 25. Bd5 Rxe7 26. Bxe7 Nc3
27. Bc4 f5 28. Kf1 Ne4 29. Ke1 Bf6 30. Bf8 Bg7 31. Bb4 Nf6 32. f3 e4 33. Kf2
exf3 34. exf3 Nd7 35. Ke3 Bf6 36. Be6 Ne5 37. Bf8 Bg7 38. Be7 Nc6 39. Bc5 Bf6
40. f4 Kg7 41. h3 Nd8 42. Bd7 Nf7 1/2-1/2

[Event "VI Open A"]
[Site "Forni di Sopra ITA"]
[Date "2015.06.15"]
[Round "3"]
[White "Mencinger, Vojko"]
[Black "Stopa, Jacek"]
[WhiteElo "2372"]
[BlackElo "2540"]
[Result "0-1"]
[PlyCount "88"]
[EventDate "2015.06.13"]

1. e4 e6 2. d4 d5 3. Nd2 Be7 4. Ngf3 Nf6 5. Bd3 c5 6. e5 Nfd7 7. c3 Nc6 8. O-O
g5 9. dxc5 g4 10. Nd4 Ndxe5 11. Bb5 Bd7 12. N2b3 h5 13. Re1 Nxd4 14. Nxd4 Bxb5
15. Nxb5 Ng6 16. b4 Qd7 17. a4 a6 18. Nd4 e5 19. Nb3 h4 20. c4 d4 21. Qd3 Rd8
22. h3 Rg8 23. Kh1 gxh3 24. Qxh3 f5 25. f3 Qe6 26. Na5 b6 27. Nb7 Rd7 28. Nd6+
Bxd6 29. cxd6 Rxd6 30. Bd2 f4 31. Qxe6+ Rxe6 32. a5 Kf7 33. axb6 Rxb6 34. Ra5
Rc8 35. c5 Re6 36. Rea1 Rcc6 37. Be1 Ne7 38. Kg1 Nf5 39. Bf2 Rg6 40. Kf1 Ne3+
41. Bxe3 fxe3 42. R5a3 Rcf6 43. R1a2 h3 44. gxh3 e4 0-1

[Event "VI Open A"]
[Site "Forni di Sopra ITA"]
[Date "2015.06.15"]
[Round "3"]
[White "Naumkin, Igor"]
[Black "Horvath, Csaba"]
[WhiteElo "2421"]
[BlackElo "2546"]
[Result "0-1"]
[PlyCount "76"]
[EventDate "2015.06.13"]

1. d4 d5 2. c4 c6 3. Nf3 Nf6 4. Nc3 dxc4 5. a4 Bf5 6. e3 e6 7. Bxc4 Bb4 8. O-O
O-O 9. Nh4 Nbd7 10. Nxf5 exf5 11. Qc2 g6 12. f3 Rc8 13. Ba2 c5 14. Qf2 a6 15.
Kh1 Qb6 16. Qh4 Rfe8 17. dxc5 Rxc5 18. e4 fxe4 19. fxe4 Rh5 20. Qg3 Bxc3 21.
Qxc3 Rxe4 22. Bf4 Qb4 23. Qc7 Kg7 24. Bd6 Qxb2 25. Bc4 Rf5 26. Rfb1 Qd4 27. Ba2
Re2 28. Bg3 Ne4 29. Bh4 Nf2+ 30. Bxf2 Qxf2 31. Rg1 Ne5 32. Bd5 Rc2 33. Qxb7 Qh4
34. h3 Ng4 35. Qb3 Nf2+ 36. Kh2 Qf4+ 37. Qg3 Qxg3+ 38. Kxg3 Rxd5 0-1

[Event "VI Open A"]
[Site "Forni di Sopra ITA"]
[Date "2015.06.15"]
[Round "3"]
[White "Rozentalis, Eduardas"]
[Black "Bruno, Fabio"]
[WhiteElo "2524"]
[BlackElo "2420"]
[Result "1-0"]
[PlyCount "85"]
[EventDate "2015.06.13"]

1. e4 e6 2. d4 d5 3. Nd2 Nf6 4. e5 Nfd7 5. Bd3 c5 6. c3 Nc6 7. Ne2 cxd4 8. cxd4
f6 9. exf6 Qxf6 10. Nf3 h6 11. O-O Bd6 12. Bc2 O-O 13. Ng3 Rf7 14. Re1 Nf8 15.
Nh5 Qd8 16. Ne5 Bxe5 17. dxe5 Qb6 18. Be3 Qxb2 19. Rb1 Qxe5 20. Rb3 Qd6 21.
Bxh6 gxh6 22. Qg4+ Kh8 23. Rg3 Ne7 24. Rf3 Nf5 25. Bxf5 exf5 26. Qd4+ Kh7 27.
Rg3 Qc7 28. Nf6+ Rxf6 29. Qxf6 Be6 30. h3 f4 31. Rg4 Re8 32. Rxe6 Rxe6 33. Qxf8
Rg6 34. Qf5 Qg7 35. Rxf4 Qg8 36. g3 Kh8 37. Qe5+ Kh7 38. Qc7+ Rg7 39. Qc2+ Kh8
40. Rf6 Qh7 41. Qc8+ Rg8 42. Qe6 Qb1+ 43. Kh2 1-0

[Event "VI Open A"]
[Site "Forni di Sopra ITA"]
[Date "2015.06.15"]
[Round "3"]
[White "Vezzani, Stefano"]
[Black "Pescatore, Lorenzo"]
[WhiteElo "2179"]
[BlackElo "2285"]
[Result "0-1"]
[PlyCount "84"]
[EventDate "2015.06.13"]

1. e4 c5 2. Nc3 Nc6 3. g3 g6 4. Bg2 Bg7 5. Nge2 e6 6. Rb1 d6 7. a3 Nge7 8. d3
O-O 9. Bg5 h6 10. Be3 Nd4 11. O-O e5 12. b4 cxb4 13. axb4 Kh7 14. Nd5 Nxd5 15.
exd5 Nf5 16. Bd2 Ne7 17. c4 f5 18. Nc3 b6 19. Kh1 g5 20. Qe2 Ng6 21. c5 e4 22.
dxe4 f4 23. e5 Bxe5 24. Be4 Kg7 25. Qd3 Qf6 26. Bxg6 Qxg6 27. Qxg6+ Kxg6 28.
Rfe1 fxg3 29. fxg3 Bg4 30. Rxe5 dxe5 31. Kg1 bxc5 32. bxc5 Bh3 33. c6 Rf7 34.
d6 Raf8 35. Bf4 gxf4 36. Nd5 fxg3 37. hxg3 Be6 38. Nc3 Rf3 39. Ne4 Re3 40. Nc5
Bd5 41. c7 Re2 42. d7 Rg2+ 0-1

[Event "VI Open A"]
[Site "Forni di Sopra ITA"]
[Date "2015.06.16"]
[Round "4"]
[White "Antal, Gergely"]
[Black "Valsecchi, Alessio"]
[WhiteElo "2505"]
[BlackElo "2445"]
[Result "1-0"]
[PlyCount "43"]
[EventDate "2015.06.13"]

1. e4 e5 2. Nf3 Nc6 3. Nc3 g6 4. d4 exd4 5. Nxd4 Bg7 6. Nxc6 bxc6 7. Bc4 Ne7 8.
O-O d6 9. Bg5 O-O 10. f4 Be6 11. Bb3 Bxb3 12. axb3 Re8 13. Qd3 Qd7 14. f5 f6
15. Bh4 gxf5 16. exf5 Nc8 17. Nd5 Qf7 18. Nf4 d5 19. Ne6 Nd6 20. Bg3 Nxf5 21.
Nxc7 Nxg3 22. Qxg3 1-0

[Event "VI Open A"]
[Site "Forni di Sopra ITA"]
[Date "2015.06.16"]
[Round "4"]
[White "Barp, Alberto"]
[Black "Formento, Paolo"]
[WhiteElo "2180"]
[BlackElo "2269"]
[Result "1-0"]
[PlyCount "41"]
[EventDate "2015.06.13"]

1. d4 e6 2. c4 c5 3. d5 exd5 4. cxd5 Nf6 5. Nc3 d6 6. e4 g6 7. Nge2 Bg7 8. Ng3
h5 9. Be2 h4 10. Nf1 Nh7 11. Ne3 O-O 12. O-O Re8 13. Nc4 h3 14. g3 Nf6 15. f3
Bf8 16. Bg5 Nbd7 17. f4 Be7 18. e5 dxe5 19. d6 Bf8 20. fxe5 Rxe5 21. Nxe5 1-0

[Event "VI Open A"]
[Site "Forni di Sopra ITA"]
[Date "2015.06.16"]
[Round "4"]
[White "Battistella, Stefano"]
[Black "Lagumina, Giulio"]
[WhiteElo "2059"]
[BlackElo "2326"]
[Result "1/2-1/2"]
[PlyCount "50"]
[EventDate "2015.06.13"]

1. Nf3 Nf6 2. c4 e6 3. g3 d5 4. Bg2 Be7 5. O-O O-O 6. d4 dxc4 7. Qc2 a6 8. Qxc4
b5 9. Qc2 Bb7 10. Bd2 Be4 11. Qc1 c6 12. e3 Nbd7 13. Nc3 Bg6 14. Ne2 Rc8 15. b4
Nd5 16. a3 Be4 17. Ne1 Bxg2 18. Kxg2 N7b6 19. Nd3 Nc4 20. Rd1 a5 21. e4 Nxd2
22. Qxd2 Nb6 23. Nc5 Nc4 24. Qc3 a4 25. Nxa4 Ra8 1/2-1/2

[Event "VI Open A"]
[Site "Forni di Sopra ITA"]
[Date "2015.06.16"]
[Round "4"]
[White "Bruno, Fabio"]
[Black "Cafaro, Luca"]
[WhiteElo "2420"]
[BlackElo "2250"]
[Result "1-0"]
[PlyCount "49"]
[EventDate "2015.06.13"]

1. d4 d5 2. c4 c6 3. Nf3 Nf6 4. e3 e6 5. b3 Nbd7 6. Bb2 Bd6 7. Nbd2 O-O 8. Bd3
Re8 9. Ne5 Qc7 10. f4 b6 11. O-O Bb7 12. Rc1 c5 13. cxd5 exd5 14. Qe2 Rac8 15.
Ndf3 Ne4 16. Bb5 Bxe5 17. Nxe5 Nef6 18. dxc5 bxc5 19. Nxd7 Nxd7 20. Qg4 g6 21.
Bxd7 f5 22. Bxf5 Rcd8 23. Bxg6 hxg6 24. Qxg6+ Kf8 25. Qh6+ 1-0

[Event "VI Open A"]
[Site "Forni di Sopra ITA"]
[Date "2015.06.16"]
[Round "4"]
[White "Ceschia, Ivano"]
[Black "Mencinger, Vojko"]
[WhiteElo "2243"]
[BlackElo "2372"]
[Result "0-1"]
[PlyCount "32"]
[EventDate "2015.06.13"]

1. e4 e6 2. d4 d5 3. Nd2 Be7 4. e5 c5 5. Ngf3 Nc6 6. c3 f6 7. Bd3 Nh6 8. O-O
Nf7 9. Re1 O-O 10. Qc2 f5 11. Qd1 Qc7 12. b3 cxd4 13. cxd4 Nb4 14. Bb1 Qc3 15.
a3 Qxa1 16. axb4 Bxb4 0-1

[Event "VI Open A"]
[Site "Forni di Sopra ITA"]
[Date "2015.06.16"]
[Round "4"]
[White "Dappiano, Andrea"]
[Black "Cocchi, Andrea"]
[WhiteElo "2212"]
[BlackElo "2275"]
[Result "1/2-1/2"]
[PlyCount "81"]
[EventDate "2015.06.13"]

1. e4 c5 2. Nc3 e6 3. g3 Nc6 4. Bg2 Nf6 5. f4 d5 6. e5 Ng8 7. Nf3 Nh6 8. O-O
Be7 9. Ne2 f6 10. d4 O-O 11. c3 b6 12. h3 Ba6 13. g4 f5 14. g5 Nf7 15. Be3 Qd7
16. Re1 Rfc8 17. Ng3 cxd4 18. Nxd4 Nxd4 19. Bxd4 Nd8 20. Bf2 Nb7 21. Qf3 g6 22.
Rad1 Nc5 23. b3 Qe8 24. h4 Qf7 25. h5 Ne4 26. Nxe4 fxe4 27. hxg6 hxg6 28. Qg3
Bd3 29. c4 Bb4 30. Re3 Bc5 31. Rexd3 Bxf2+ 32. Qxf2 exd3 33. cxd5 exd5 34. Rxd3
Rc1+ 35. Kh2 Rd8 36. Qd2 Rc5 37. b4 Rc4 38. Bxd5 Rxd5 39. Rxd5 Qxf4+ 40. Qxf4
Rxf4 41. e6 1/2-1/2

[Event "VI Open A"]
[Site "Forni di Sopra ITA"]
[Date "2015.06.16"]
[Round "4"]
[White "De Eccher, Stefano"]
[Black "Naumkin, Igor"]
[WhiteElo "2229"]
[BlackElo "2421"]
[Result "0-1"]
[PlyCount "66"]
[EventDate "2015.06.13"]

1. e4 e6 2. d4 d5 3. Nc3 Nf6 4. e5 Nfd7 5. Nf3 c5 6. dxc5 Nc6 7. Bf4 Bxc5 8.
Bd3 f6 9. exf6 Nxf6 10. Qe2 O-O 11. O-O-O a6 12. h4 b5 13. h5 h6 14. Ne5 Nxe5
15. Bxe5 b4 16. Nb1 Nd7 17. Bg3 e5 18. Nd2 Qe7 19. Bg6 Bb7 20. Nf3 e4 21. Nd4
Rac8 22. Qg4 Bxd4 23. Rxd4 Ne5 24. Qe2 a5 25. Kb1 Rc5 26. f3 Rfc8 27. Bxe5 Qxe5
28. Rd2 a4 29. Rhd1 Rc4 30. Qe3 a3 31. Rd4 Rxc2 32. fxe4 Rxb2+ 33. Ka1 Rcc2 0-1

[Event "VI Open A"]
[Site "Forni di Sopra ITA"]
[Date "2015.06.16"]
[Round "4"]
[White "Pescatore, Lorenzo"]
[Black "Machidon, Cristi"]
[WhiteElo "2285"]
[BlackElo "2211"]
[Result "1/2-1/2"]
[PlyCount "37"]
[EventDate "2015.06.13"]

1. e4 c6 2. c4 d5 3. exd5 cxd5 4. cxd5 Nf6 5. Nc3 Nxd5 6. Nf3 Nc6 7. Bb5 e6 8.
O-O Be7 9. d4 O-O 10. Re1 Bd7 11. Bd3 Rc8 12. Qe2 Ncb4 13. Nxd5 exd5 14. Bb1
Re8 15. Ne5 Be6 16. a3 Nc6 17. Qh5 h6 18. Nf3 Bf6 19. Be3 1/2-1/2

[Event "VI Open A"]
[Site "Forni di Sopra ITA"]
[Date "2015.06.16"]
[Round "4"]
[White "Stopa, Jacek"]
[Black "Dvirnyy, Danyyil"]
[WhiteElo "2540"]
[BlackElo "2541"]
[Result "1/2-1/2"]
[PlyCount "31"]
[EventDate "2015.06.13"]

1. d4 d5 2. c4 c6 3. Nc3 Nf6 4. Nf3 dxc4 5. a4 Bf5 6. e3 e6 7. Bxc4 Bb4 8. O-O
O-O 9. Nh4 Nbd7 10. h3 Nb6 11. Bb3 Nfd5 12. Nxf5 exf5 13. Bd2 a5 14. Qf3 Qd7
15. Nxd5 Nxd5 16. Bxd5 1/2-1/2

[Event "VI Open A"]
[Site "Forni di Sopra ITA"]
[Date "2015.06.16"]
[Round "4"]
[White "Vezzosi, Paolo"]
[Black "Bellia, Fabrizio"]
[WhiteElo "2350"]
[BlackElo "2450"]
[Result "0-1"]
[PlyCount "74"]
[EventDate "2015.06.13"]

1. d4 Nf6 2. Nf3 d5 3. c4 e6 4. Nc3 Be7 5. Bg5 O-O 6. e3 h6 7. Bh4 b6 8. Rc1
Bb7 9. cxd5 Nxd5 10. Bg3 Nxc3 11. bxc3 Nd7 12. Bd3 Bd6 13. O-O Bxg3 14. hxg3
Qe7 15. Qa4 Rfd8 16. Ba6 Bxa6 17. Qxa6 c5 18. e4 Nf6 19. Rfe1 Qc7 20. a4 Rac8
21. Rcd1 cxd4 22. cxd4 Qb8 23. Qd3 Qb7 24. Rb1 Qc6 25. Qb5 Qc2 26. Re2 Qc3 27.
Rd1 Rc5 28. Qb1 Rc4 29. d5 Rb4 30. Qa2 Rxe4 31. Rxe4 Nxe4 32. Rd4 exd5 33. Rxd5
Rxd5 34. Qxd5 Qc1+ 35. Kh2 Nxf2 36. g4 Qf4+ 37. Kg1 Nxg4 0-1

[Event "VI Open A"]
[Site "Forni di Sopra ITA"]
[Date "2015.06.16"]
[Round "4"]
[White "Zamengo, Fulvio"]
[Black "Martinez, Ayelen"]
[WhiteElo "2271"]
[BlackElo "2212"]
[Result "1-0"]
[PlyCount "79"]
[EventDate "2015.06.13"]

1. e4 c5 2. Nf3 d6 3. d4 cxd4 4. Nxd4 Nf6 5. Nc3 a6 6. g3 e5 7. Nb3 Be7 8. Bg2
O-O 9. O-O Be6 10. a4 Nc6 11. Nd5 a5 12. Nd2 Nb4 13. Nc4 Nfxd5 14. exd5 Bf5 15.
Ne3 Bg6 16. f4 exf4 17. gxf4 f5 18. c3 Na6 19. Nc2 Bf6 20. Be3 Re8 21. Bd4
Bxd4+ 22. Nxd4 Nc5 23. Ne6 Nxe6 24. dxe6 Kh8 25. Re1 Ra6 26. Qd4 Qe7 27. Rad1
Rf8 28. Bf1 Rc6 29. Bb5 Rcc8 30. Qxd6 Qh4 31. Re3 Bh5 32. Rd2 Rg8 33. e7 Be8
34. Qe5 Qh5 35. Bd3 Qg6+ 36. Rg3 Qb6+ 37. Rf2 Rc5 38. Qd4 Qc7 39. Re2 Bh5 40.
Qxg7+ 1-0

[Event "VI Open A"]
[Site "Forni di Sopra ITA"]
[Date "2015.06.16"]
[Round "5"]
[White "Bellia, Fabrizio"]
[Black "Horvath, Csaba"]
[WhiteElo "2450"]
[BlackElo "2546"]
[Result "1/2-1/2"]
[PlyCount "28"]
[EventDate "2015.06.13"]

1. d4 Nf6 2. Nf3 g6 3. g3 Bg7 4. Bg2 O-O 5. O-O d6 6. c4 c6 7. Nc3 Bf5 8. Re1
Ne4 9. Nxe4 Bxe4 10. Be3 Nd7 11. Qd2 a5 12. Bh6 a4 13. Bxg7 Kxg7 14. b4 axb3
1/2-1/2

[Event "VI Open A"]
[Site "Forni di Sopra ITA"]
[Date "2015.06.16"]
[Round "5"]
[White "Boraso, Alessio"]
[Black "Pescatore, Lorenzo"]
[WhiteElo "2233"]
[BlackElo "2285"]
[Result "1/2-1/2"]
[PlyCount "67"]
[EventDate "2015.06.13"]

1. e4 c5 2. Nf3 Nc6 3. c3 d5 4. exd5 Qxd5 5. d4 Bf5 6. Be3 Nf6 7. Na3 cxd4 8.
Nb5 O-O-O 9. Nfxd4 Ng4 10. Nxf5 Qxf5 11. Qf3 Qxf3 12. gxf3 Nxe3 13. fxe3 e5 14.
a4 a6 15. Na3 Bxa3 16. Rxa3 Rd6 17. Ra1 Rhd8 18. Rg1 g6 19. Rg2 Ne7 20. e4 Ng8
21. Bc4 Nf6 22. Bxf7 Rd3 23. Rf2 Nh5 24. Bd5 Rf8 25. Rd1 Re3+ 26. Kd2 Rexf3 27.
Rxf3 Rxf3 28. Ke2 Rf6 29. a5 Nf4+ 30. Ke3 Kc7 31. b4 Ng2+ 32. Ke2 Nf4+ 33. Ke3
Ng2+ 34. Ke2 1/2-1/2

[Event "VI Open A"]
[Site "Forni di Sopra ITA"]
[Date "2015.06.16"]
[Round "5"]
[White "Dvirnyy, Danyyil"]
[Black "Zamengo, Fulvio"]
[WhiteElo "2541"]
[BlackElo "2271"]
[Result "1-0"]
[PlyCount "107"]
[EventDate "2015.06.13"]

1. e4 e6 2. d4 d5 3. Nc3 Bb4 4. e5 c5 5. a3 Bxc3+ 6. bxc3 Ne7 7. Qg4 Qc7 8. Bd3
Nbc6 9. Nf3 Bd7 10. O-O c4 11. Be2 O-O 12. h4 f6 13. exf6 Rxf6 14. Qg3 Qxg3 15.
fxg3 Re8 16. Bf4 Ng6 17. Bg5 Rff8 18. h5 Nh8 19. Bf4 Nf7 20. Rad1 Ne7 21. g4
Nc8 22. Ne5 Nxe5 23. Bxe5 Ba4 24. Rxf8+ Rxf8 25. Rd2 Rd8 26. g5 Be8 27. Bg4 Bf7
28. Bc7 Rd7 29. Bb8 Rd8 30. Re2 Nd6 31. Bc7 Rd7 32. Rxe6 Ne4 33. Bf4 Rd8 34.
Re7 b5 35. Rxa7 Re8 36. Bd7 Rf8 37. Be5 Bxh5 38. Bxb5 Rf7 39. Ra8+ Rf8 40. Bc6
Nxc3 41. Ra7 Rf7 42. Bd7 Re7 43. Bd6 Re1+ 44. Kh2 Be8 45. Bxe8 Rxe8 46. Be5 Re6
47. Rxg7+ Kf8 48. Rxh7 Rg6 49. Bf6 Ne4 50. Rd7 Nxf6 51. gxf6 Rxf6 52. Rxd5 Rf2
53. c3 Rc2 54. Rf5+ 1-0

[Event "VI Open A"]
[Site "Forni di Sopra ITA"]
[Date "2015.06.16"]
[Round "5"]
[White "Formento, Paolo"]
[Black "Castrillon Gomez, Melissa"]
[WhiteElo "2269"]
[BlackElo "2167"]
[Result "0-1"]
[PlyCount "114"]
[EventDate "2015.06.13"]

1. d4 Nf6 2. c4 g6 3. Nc3 Bg7 4. e4 d6 5. Nge2 O-O 6. Ng3 c5 7. d5 e6 8. f3
exd5 9. cxd5 a6 10. a4 Nbd7 11. Be2 b6 12. O-O Ne8 13. Be3 Nc7 14. Qd2 Rb8 15.
f4 b5 16. axb5 axb5 17. e5 dxe5 18. f5 c4 19. d6 Ne8 20. Rad1 Nef6 21. Kh1 Qa5
22. h4 b4 23. Nce4 Nxe4 24. Nxe4 Bb7 25. Ng5 c3 26. bxc3 bxc3 27. Qc2 Bxg2+ 28.
Kxg2 Rb2 29. Qd3 e4 30. Nxe4 Ne5 31. Qxc3 Rxe2+ 32. Rf2 Qxc3 33. Nxc3 Rxe3 34.
Nd5 Rd3 35. Ne7+ Kh8 36. Rxd3 Nxd3 37. Rd2 Ne5 38. d7 Rd8 39. Rc2 Nxd7 40. Rd2
Bf6 41. Nc6 Rc8 42. Na7 Rc7 43. Nb5 Rc5 44. Nd6 Ne5 45. Ra2 Bxh4 46. Ne4 Rc8
47. f6 Nd7 48. Ra6 Nxf6 49. Nxf6 Bxf6 50. Rxf6 Kg7 51. Ra6 Rc3 52. Rb6 h5 53.
Kh2 g5 54. Kg2 h4 55. Ra6 g4 56. Kg1 Rc2 57. Rb6 h3 0-1

[Event "VI Open A"]
[Site "Forni di Sopra ITA"]
[Date "2015.06.16"]
[Round "5"]
[White "Lagumina, Giulio"]
[Black "Behling, Robert"]
[WhiteElo "2326"]
[BlackElo "2094"]
[Result "1-0"]
[PlyCount "73"]
[EventDate "2015.06.13"]

1. e4 c6 2. d4 d5 3. Nc3 dxe4 4. Nxe4 Bf5 5. Ng3 Bg6 6. h4 h6 7. Nf3 Nd7 8. h5
Bh7 9. Bd3 Bxd3 10. Qxd3 e6 11. Bd2 Ngf6 12. O-O-O Be7 13. Kb1 O-O 14. Ne4 Nxe4
15. Qxe4 Nf6 16. Qe2 Qd5 17. Be3 Ng4 18. Bc1 Qb5 19. c4 Qf5+ 20. Ka1 Rad8 21.
Nh4 Bxh4 22. Rxh4 Nf6 23. g4 Qe4 24. Be3 c5 25. f3 Qc6 26. g5 hxg5 27. Bxg5 e5
28. d5 Qd6 29. Rg1 Rd7 30. Bh6 Ne8 31. Bxg7 Nxg7 32. h6 f5 33. Qh2 Rf6 34. hxg7
Rxg7 35. Rh8+ Kf7 36. Rxg7+ Kxg7 37. Qh7# 1-0

[Event "VI Open A"]
[Site "Forni di Sopra ITA"]
[Date "2015.06.16"]
[Round "5"]
[White "Machidon, Cristi"]
[Black "Dappiano, Andrea"]
[WhiteElo "2211"]
[BlackElo "2212"]
[Result "1-0"]
[PlyCount "101"]
[EventDate "2015.06.13"]

1. d4 d6 2. e4 Nf6 3. Nc3 e5 4. Nf3 Nbd7 5. Bc4 Be7 6. O-O O-O 7. Re1 c6 8. a4
b6 9. b3 a6 10. Bb2 Qc7 11. Qe2 Bb7 12. Rad1 b5 13. Bd3 Rfe8 14. axb5 axb5 15.
d5 cxd5 16. Nxb5 Qb6 17. exd5 Nxd5 18. Nc3 Nf4 19. Qe3 Qxe3 20. Rxe3 Nxd3 21.
Rdxd3 e4 22. Nxe4 Bxe4 23. Rxe4 Nc5 24. Rg4 Nxd3 25. Rxg7+ Kf8 26. cxd3 Rec8
27. g3 Rc2 28. Bd4 Ra3 29. Rxh7 Ke8 30. Be3 Rxb3 31. d4 Bf6 32. g4 Re2 33. g5
Be7 34. h4 Kf8 35. Rh8+ Kg7 36. Re8 Rbxe3 37. fxe3 Rxe3 38. Kf2 Re4 39. Nd2
Rxd4 40. Ke3 Rxh4 41. Rxe7 d5 42. Rd7 Kg6 43. Rd6+ Kg7 44. Rxd5 f6 45. Rd7+ Kg6
46. Rd6 Rh8 47. Ne4 Kf5 48. Rxf6+ Ke5 49. Nf2 Rg8 50. Ng4+ Kd5 51. Kf4 1-0

[Event "VI Open A"]
[Site "Forni di Sopra ITA"]
[Date "2015.06.16"]
[Round "5"]
[White "Martinez, Ayelen"]
[Black "De Santis, Alessio"]
[WhiteElo "2212"]
[BlackElo "2266"]
[Result "0-1"]
[PlyCount "64"]
[EventDate "2015.06.13"]

1. e4 b6 2. d4 Bb7 3. Nc3 e6 4. Be3 Bb4 5. Bd3 Nf6 6. f3 c5 7. a3 Bxc3+ 8. bxc3
d6 9. Nh3 Nc6 10. O-O O-O 11. f4 c4 12. Bxc4 Nxe4 13. Bd3 Ne7 14. d5 Bxd5 15.
c4 Bc6 16. Bd4 Nf5 17. Bb2 Qh4 18. Qe2 Nc5 19. Ng5 h6 20. Ne4 Nxe4 21. Bxe4
Bxe4 22. Qxe4 Rac8 23. Rf3 Rc5 24. Rh3 Qg4 25. Rd3 Rfc8 26. h3 Qg6 27. Rc3 d5
28. Qe2 Ng3 29. Qe5 Ne4 30. Re3 Rxc4 31. f5 exf5 32. Re2 Nf6 0-1

[Event "VI Open A"]
[Site "Forni di Sopra ITA"]
[Date "2015.06.16"]
[Round "5"]
[White "Mencinger, Vojko"]
[Black "Bruno, Fabio"]
[WhiteElo "2372"]
[BlackElo "2420"]
[Result "0-1"]
[PlyCount "92"]
[EventDate "2015.06.13"]

1. e4 c5 2. Nf3 e6 3. d4 cxd4 4. Nxd4 Nf6 5. Nc3 d6 6. g4 h6 7. h3 a6 8. Bg2
Qc7 9. Be3 b5 10. a3 Bb7 11. O-O Nbd7 12. Nde2 Be7 13. Qd4 O-O 14. Rad1 Rac8
15. g5 hxg5 16. Bxg5 Rfe8 17. Bh4 Qc5 18. Bg3 e5 19. Qxc5 Rxc5 20. f4 Rec8 21.
Bh4 Bf8 22. fxe5 dxe5 23. Nc1 Rc4 24. Rfe1 Bxa3 25. bxa3 Rxc3 26. Nb3 Ba8 27.
Rd6 R3c6 28. Red1 Rxd6 29. Rxd6 Rc6 30. Rd2 Kh7 31. Bxf6 Nxf6 32. Rd8 Bb7 33.
Na5 Rc7 34. Nxb7 Rxb7 35. Ra8 Rb6 36. Ra7 Kg6 37. Re7 Rc6 38. Ra7 Nh5 39. Bf1
Nf4 40. h4 f6 41. Bd3 Nxd3 42. cxd3 Rd6 43. Kf2 Rxd3 44. Rxa6 Rd4 45. Ra5 Rxe4
46. Rxb5 Rxh4 0-1

[Event "VI Open A"]
[Site "Forni di Sopra ITA"]
[Date "2015.06.16"]
[Round "5"]
[White "Naumkin, Igor"]
[Black "Antal, Gergely"]
[WhiteElo "2421"]
[BlackElo "2505"]
[Result "1/2-1/2"]
[PlyCount "48"]
[EventDate "2015.06.13"]

1. d4 Nf6 2. c4 g6 3. Nc3 d5 4. cxd5 Nxd5 5. e4 Nxc3 6. bxc3 Bg7 7. Bc4 c5 8.
Ne2 Nc6 9. Be3 cxd4 10. cxd4 b5 11. Bd5 Bd7 12. Bxc6 Bxc6 13. d5 Bd7 14. O-O
Bxa1 15. Qxa1 f6 16. e5 O-O 17. e6 Bc8 18. Rd1 Bb7 19. Bh6 Re8 20. h4 Rc8 21.
h5 Rc5 22. Nf4 g5 23. Bxg5 Qd6 24. Bh6 Kh8 1/2-1/2

[Event "VI Open A"]
[Site "Forni di Sopra ITA"]
[Date "2015.06.16"]
[Round "5"]
[White "Rozentalis, Eduardas"]
[Black "Stopa, Jacek"]
[WhiteElo "2524"]
[BlackElo "2540"]
[Result "1-0"]
[PlyCount "77"]
[EventDate "2015.06.13"]

1. e4 e5 2. Nf3 Nc6 3. Bb5 Nge7 4. d4 exd4 5. Nxd4 g6 6. Nc3 Bg7 7. Be3 O-O 8.
O-O a6 9. Nxc6 bxc6 10. Bc4 d6 11. Bd4 Bxd4 12. Qxd4 c5 13. Qe3 Be6 14. Bxe6
fxe6 15. f4 Nc6 16. Rae1 Qe7 17. e5 Nd4 18. exd6 cxd6 19. Rf2 Rae8 20. Ne4 e5
21. fxe5 Qxe5 22. Rxf8+ Rxf8 23. Qd2 Nf5 24. c3 Qe6 25. b3 Qd7 26. h3 Qc6 27.
c4 Kh8 28. Ng5 Kg8 29. Re6 Nd4 30. Re7 h6 31. Ne4 Rf7 32. Rxf7 Kxf7 33. Qf4+
Kg8 34. Nf6+ Kg7 35. Qxd6 Qxd6 36. Ne8+ Kf8 37. Nxd6 Ne2+ 38. Kf2 Nc1 39. Ne4
1-0

[Event "VI Open A"]
[Site "Forni di Sopra ITA"]
[Date "2015.06.16"]
[Round "5"]
[White "Valsecchi, Alessio"]
[Black "Barp, Alberto"]
[WhiteElo "2445"]
[BlackElo "2180"]
[Result "1/2-1/2"]
[PlyCount "69"]
[EventDate "2015.06.13"]

1. e4 c6 2. d4 d5 3. exd5 cxd5 4. c4 Nf6 5. Nc3 Nc6 6. Nf3 Bg4 7. cxd5 Nxd5 8.
Bb5 Rc8 9. O-O e6 10. h3 Bxf3 11. Qxf3 Be7 12. Nxd5 Qxd5 13. Qxd5 exd5 14. Re1
a6 15. Bxc6+ bxc6 16. Bg5 f6 17. Bf4 Kd7 18. Rac1 Rhe8 19. Re3 Bd6 20. Bxd6
Rxe3 21. fxe3 Kxd6 22. Rc5 Rb8 23. Ra5 Rxb2 24. Rxa6 Re2 25. Ra3 f5 26. Kf1 Rd2
27. Ke1 Rxg2 28. Ra7 Rg3 29. Ke2 Rxh3 30. Rxg7 Rh2+ 31. Kf3 Rxa2 32. Rxh7 Ra1
33. Rh6+ Kd7 34. Kf4 Rf1+ 35. Ke5 1/2-1/2

[Event "VI Open A"]
[Site "Forni di Sopra ITA"]
[Date "2015.06.17"]
[Round "6"]
[White "Antal, Gergely"]
[Black "Rozentalis, Eduardas"]
[WhiteElo "2505"]
[BlackElo "2524"]
[Result "1/2-1/2"]
[PlyCount "33"]
[EventDate "2015.06.13"]

1. e4 e6 2. d4 d5 3. Nd2 Nf6 4. e5 Nfd7 5. Bd3 c5 6. c3 Nc6 7. Ne2 cxd4 8. cxd4
f6 9. exf6 Nxf6 10. Nf3 Bd6 11. O-O O-O 12. Bf4 Bxf4 13. Nxf4 Ne4 14. Qc1 Ng5
15. Nxg5 Qxg5 16. Ne2 Qf6 17. Qe3 1/2-1/2

[Event "VI Open A"]
[Site "Forni di Sopra ITA"]
[Date "2015.06.17"]
[Round "6"]
[White "Barp, Alberto"]
[Black "Naumkin, Igor"]
[WhiteElo "2180"]
[BlackElo "2421"]
[Result "0-1"]
[PlyCount "104"]
[EventDate "2015.06.13"]

1. d4 e6 2. c4 f5 3. Nf3 Nf6 4. Nc3 Bb4 5. Qb3 a5 6. Bg5 O-O 7. e3 b6 8. Be2
Bb7 9. O-O Bxc3 10. Qxc3 c5 11. Rfd1 d6 12. Bxf6 Rxf6 13. d5 e5 14. Ng5 Bc8 15.
f4 e4 16. Qd2 Ra7 17. Rf1 h6 18. Nh3 Nd7 19. Nf2 g5 20. Kh1 Nf8 21. Rg1 Rg7 22.
Raf1 Qe7 23. Qc3 gxf4 24. exf4 Ng6 25. Nd1 Bd7 26. Ne3 Rf8 27. Bd1 a4 28. Be2
Qd8 29. Rf2 h5 30. Qe1 h4 31. Qc3 Rf6 32. Re1 Rh7 33. Bf1 Rff7 34. Nc2 Qf8 35.
Qe3 Qh6 36. Be2 Ne7 37. Bf1 Rfg7 38. Be2 Rg3 39. Qd2 h3 40. Rg1 Kf8 41. Bf1
Rxg2 42. Rfxg2 Ng6 43. Rf2 Qg7 44. b4 axb3 45. axb3 Rh4 46. b4 Qh6 47. bxc5
bxc5 48. Qa5 Ke7 49. Qd2 Rxf4 50. Rxf4 Qxf4 51. Qxf4 Nxf4 52. Ne3 Kf6 0-1